Brawl Stars: Colette Skins by Picture - Statistics

General Stats
  • This quiz has been taken 69 times
    17 since last reset
  • The average score is 9 of 16
Answer Stats
Picture Answer % Correct
True Gold Colette
100%
Gladiator Colette
78%
True Silver Colette
78%
Cuckoo Colette
67%
Navigator Colette
67%
Pinku Pawlette
67%
Fangirl Cony
56%
Impie Colette
56%
Inspector Colette
56%
Trixie Colette
56%
Midori Pawlette
44%
Void Colette
44%
Black Hole Colette
33%
Kiiro Pawlette
33%
White Dwarf Colette
33%
Tokusatsu Colette
22%
No matching quizzes found
Score Distribution
Percent of People with Each Score
Percentile by Number Answered
Your Score History
You have not taken this quiz since the last reset